Contemplaciones eucarísticas /

保存先:
書誌詳細
第一著者: Bolo, Henry (autor)
その他の著者: Reyes, José Ascensión (traducción) (traducción)
フォーマット: 図書
言語:スペイン語
主題:
タグ: タグ追加
タグなし, このレコードへの初めてのタグを付けませんか!

MARC

LEADER 00000nam^a2200000^a^4500
001 000380416
005 20250526000000.0
009 20260310120600.029
037 |a Acervo Xavier Clavigero 
041 |a ESP 
082 |a 234. 163  |b BOL 
100 |a Bolo, Henry  |e (autor) 
245 1 0 |a Contemplaciones eucarísticas /  |c H. Bolo ; tr. por J.A. Reyes. 
264 |a México :  |b Herrero Hermanos,  |c 1897, c1897 
300 |a 197 p. ;  |c 21.5 cm. 
336 |a texto  |b txt  |2 rdacontenido 
337 |a sin mediación  |b n  |2 rdamedio 
338 |a volumen  |b nc  |2 rdasoporte 
500 |a Traducción de: Contemplations eucharistiques 
501 |a Encuadernación particular 
561 |a Ex libris de Biblioteca Residencia S.J. Guadalajara 
562 |a Falta cubierta 
649 |a XX 
650 |a Jesucristo 
650 |a Biblia -  |x Nuevo Testamento -  |x Evangelios -  |x Historia y Crítica 
650 |a Encarnación 
650 |a Eucaristía -  |x Tema Principal 
650 |a Pascua 
650 |a Sacramentos 
650 |a Misa 
650 |a Salvación 
650 |a Gracia (Teología) 
650 |a Teología Doctrinal 
650 |a Catolicismo 
650 |a Cristianismo 
650 |a Religión 
700 |a Reyes, José Ascensión  |e (traducción) 
910 |a Fondo General 
920 |a Impresos - Libros 
930 |a Libros Antiguos y Raros 
905 |a 108 
901 |a 0500275684  |b IT2  |c LRA  |u 20250526 
902 |a https://opac.biblio.iteso.mx/vufind/Record/000380416